Oscilaciones en la economía global, rigidez en los países emergentes: la experiencia de la convertibilidad en Argentina /

Spremljeno u:
Bibliografski detalji
Glavni autor: Vera Fluixá, Ramiro Xavier
Format: Tekst
Teme:
Oznake: Dodaj oznaku
Bez oznaka, Budi prvi tko označuje ovaj zapis!

MARC

LEADER 00000 a a2200000 04500
001 42480
003
040
100 |a Vera Fluixá, Ramiro Xavier  
245 |a Oscilaciones en la economía global, rigidez en los países emergentes:   |b la experiencia de la convertibilidad en Argentina /  |c Ramiro Xavier Vera Fluixá  
650 |a ARGENTINA  
650 |a INVERSIONES EXTRANJERAS  
650 |a DEUDA EXTERNA  
650 |a ESTADISTICAS ECONOMICAS  
773 0 |g volumen36, número140 (2005), páginas 193-219 
999 |c 39175  |d 39175